000 00775cpcaa2200241 4500
001 mm 79005806
003 DLC
005 20260227111652.0
008 790403|||||||||||| eng
010 _amm 79005806
040 _aDLC
_cDLC
_edacs
_dDLC
072 7 _aL
_2lcmd
100 1 _aChase, Wilfrid Earl.
245 0 0 _aWilfrid Earl Chase notebooks,
_f1933-1942.
300 _a4
_fitems.
506 0 _aOpen to research.
545 0 _aPoet.
546 _aCollection material in English.
580 _aForms part of: Miscellaneous Manuscripts collection.
656 7 _aPoets.
_2itoamc
999 _c42015
_d42015